| Tag |
First Indicator |
Second Indicator |
Subfields |
| LEADER |
00000cam a2200000M 4500 |
| 001 |
in00002369607 |
| 005 |
20151109042906.0 |
| 008 |
851022s1873 sp 000 0 spa d |
| 029 |
0 |
|
|a NLGGC
|b 852991282
|
| 035 |
|
|
|a (OCoLC)ocm64180308
|
| 035 |
|
|
|a (OCoLC)64180308
|
| 040 |
|
|
|a NLGGC
|c NLGGC
|d TXA
|d UtOrBLW
|
| 049 |
|
|
|a TXAM
|
| 090 |
|
|
|a PQ6503.V45
|b R34 1873
|
| 100 |
1 |
|
|a Velilla y Rodríguez, José de,
|d 1847-1904.
|
| 245 |
1 |
0 |
|a Ráfagas :
|b poesías /
|c Mercedes de Velilla y Rodriguez.
|
| 264 |
|
1 |
|a Sevilla :
|b Imp. de Gironés y Orduña,
|c 1873.
|
| 300 |
|
|
|a 188 pages ;
|c 18 cm.
|
| 336 |
|
|
|a text
|b txt
|2 rdacontent
|
| 337 |
|
|
|a unmediated
|b n
|2 rdamedia
|
| 338 |
|
|
|a volume
|b nc
|2 rdacarrier
|
| 500 |
|
|
|a Cushing Library Rare Books copy forms part of the Lee Fontanella Collection.
|
| 948 |
|
|
|a cataloged
|b h
|c 2008/4/14
|d c
|e vilik
|f 11:30:02 am
|
| 994 |
|
|
|a C0
|b TXA
|
| 999 |
|
|
|a MARS
|
| 999 |
f |
f |
|s cf7dae5c-c09f-3aca-9079-8c09b57ce516
|i 95370960-bddd-39f1-abea-e42197b499e6
|t 0
|
| 952 |
f |
f |
|p noncirc
|a Texas A&M University
|b College Station
|c Cushing Memorial Library & Archives
|d Cushing: Rare Books (Does not check out)
|t 0
|e PQ6503.V45 R34 1873
|h Library of Congress classification
|i unmediated -- volume
|
| 998 |
f |
f |
|a PQ6503.V45 R34 1873
|t 0
|l Cushing: Rare Books (Does not check out)
|